| 000 | 00697nam a2200217 a 4500 | ||
|---|---|---|---|
| 001 | 64121 | ||
| 003 | BD-RJUL | ||
| 005 | 20211209081255.0 | ||
| 008 | 170209t1965 enk 000 1 eng d | ||
| 035 | _a(BD-RJUL) 64251 | ||
| 040 |
_aBD-RJUL _cBD-RJUL _beng |
||
| 041 | _aeng | ||
| 082 | 0 | 4 |
_a823.8 _223 _bDIG 1965 |
| 100 | 1 |
_aDickens, Charles, _d1812-1870. _9189296 |
|
| 245 | 1 | 0 |
_aGreat expectations / _cCharles Dickens ; with an introduction by Edward Wagenknecht. |
| 260 |
_aNew York : _bWashington Square Press, _c1965. |
||
| 300 |
_axi, 466 p. ; _c17 cm. |
||
| 650 |
_aEngland _vFiction. _xSocial conditions _y19th century _9190456 |
||
| 700 | 1 |
_aWagenknecht, Edward _9190457 |
|
| 942 |
_2ddc _cBK |
||
| 999 |
_c64121 _d64121 |
||